[Event "IECG ST.2006.0.00001 email"]
[Site "IECG email"]
[Date "2006.04.15"]
[Round "?"]
[White "Stummer, Walter"]
[Black "Valentine, Stephen G"]
[Result "1-0"]
[WhiteElo "2453"]
[BlackElo "2458"]
[PlyCount "65"]
[EventDate "2006.04.15"]
[EventType "tourn (corr)"]
[EventRounds "6"]
[SourceTitle "Corr 2008"]
[Source "ChessBase"]
[SourceDate "2008.06.24"]
[SourceVersion "1"]
[SourceVersionDate "2008.06.24"]
[SourceQuality "1"]

1. e4 c5 2. Nf3 d6 3. d4 cxd4 4. Nxd4 Nf6 5. Nc3 a6 6. Bg5 e6 7. f4 Qb6 8. Nb3 Nc6 9. Qf3 Be7 10. 0-0-0 Qc7 11. Kb1 Bd7 12. Bh4 0-0 13. g4 Rfb8 14. Bd3 b5 15. e5 dxe5 16. Qh3 exf4 17. Bxf6 Bxf6 18. Qxh7+ Kf8 19. Ne4 Be5 20. Rhe1 Rd8 21. Qh8+ Ke7 22. Qh4+ Kf8 23. Ng5 Be8 24. Nf3 Rac8 25. g5 Ke7 26. Nxe5 Nxe5 27. g6+ f6 28. Qh7 Rxd3 29. Qxg7+ Bf7 30. cxd3 Rg8 31. Qh7 Nxg6 32. Rc1 Qd6 33. Nd4 1-0

[Event "IECG ST.2006.0.00001 email"]
[Site "IECG email"]
[Date "2006.04.15"]
[Round "?"]
[White "Valentine, Stephen G"]
[Black "Ingersol, Harry"]
[Result "1/2-1/2"]
[WhiteElo "2458"]
[BlackElo "2384"]
[PlyCount "56"]
[EventDate "2006.04.15"]
[EventType "tourn (corr)"]
[EventRounds "6"]
[SourceTitle "Corr 2008"]
[Source "ChessBase"]
[SourceDate "2008.06.24"]
[SourceVersion "1"]
[SourceVersionDate "2008.06.24"]
[SourceQuality "1"]

1. e4 c5 2. Nf3 d6 3. d4 cxd4 4. Nxd4 Nf6 5. Nc3 a6 6. Bg5 e6 7. f4 Qb6 8. Nb3 Be7 9. Be2 Nbd7 10. Qd3 Qc7 11. Bf3 0-0 12. 0-0-0 Rb8 13. Nd4 Nb6 14. g4 Nc4 15. b3 Na5 16. Nce2 b5 17. h4 Re8 18. h5 Qc5 19. h6 g6 20. Qc3 Qxc3 21. Nxc3 Bb7 22. a3 d5 23. Bxf6 Bxf6 24. e5 Be7 25. Kb2 Rbc8 26. Nce2 Rc7 27. g5 Rec8 28. Bg4 Re8 1/2-1/2

[Event "IECG ST.2006.0.00001 email"]
[Site "IECG email"]
[Date "2006.04.15"]
[Round "?"]
[White "Valentine, Stephen G"]
[Black "Martello, Juan Alberto"]
[Result "0-1"]
[WhiteElo "2458"]
[BlackElo "2376"]
[PlyCount "52"]
[EventDate "2006.04.15"]
[EventType "tourn (corr)"]
[EventRounds "6"]
[SourceTitle "Corr 2008"]
[Source "ChessBase"]
[SourceDate "2008.06.24"]
[SourceVersion "1"]
[SourceVersionDate "2008.06.24"]
[SourceQuality "1"]

1. e4 c5 2. Nf3 d6 3. d4 cxd4 4. Nxd4 Nf6 5. Nc3 a6 6. Bg5 e6 7. f4 Qb6 8. Nb3 Be7 9. Be2 Nbd7 10. Qd3 Qc7 11. Bf3 h6 12. Bh4 g5 13. fxg5 Ne5 14. Qd4 Nfd7 15. Be2 hxg5 16. Bg3 b6 17. 0-0 Bb7 18. Rad1 g4 19. a4 Rh5 20. a5 b5 21. Rf4 Rh7 22. Rf2 Nf6 23. Qb4 0-0-0 24. Nd4 Rh5 25. Rff1 Kb8 26. Ra1 Ka8 0-1

[Event "CFriend WC-2008-S-00003"]
[Site "Chessfriend.com"]
[Date "2005.07.17"]
[Round "1"]
[White "Valentine, Stephen G"]
[Black "Rawlings, Alan JC"]
[Result "1-0"]
[WhiteElo "2469"]
[BlackElo "2136"]
[PlyCount "57"]
[EventDate "2005.??.??"]
[EventType "tourn (corr)"]
[EventRounds "6"]
[SourceTitle "Corr 2008"]
[Source "ChessBase"]
[SourceDate "2008.06.24"]
[SourceVersion "1"]
[SourceVersionDate "2008.06.24"]
[SourceQuality "1"]

1. e4 c5 2. Nf3 Nc6 3. d4 cxd4 4. Nxd4 e5 5. Nb5 d6 6. N1c3 a6 7. Na3 b5 8. Nd5 Nce7 9. c4 Nxd5 10. exd5 bxc4 11. Nxc4 Be7 12. Be3 Rb8 13. Be2 f5 14. Rc1 Nf6 15. Ba7 Rb7 16. Bb6 Qd7 17. Ba5 Rb8 18. Nb6 Qb7 19. Rc6 Be6 20. Qc2 Nxd5 21. Nxd5 Bxd5 22. Rc7 Qxb2 23. Rc8+ Kf7 24. Qxf5+ Bf6 25. Bh5+ Ke7 26. Rc7+ Kf8 27. 0-0 Qxa2 28. Bb4 Rd8 29. Rd7 1-0

[Event "IECG WC.2003.F.00001 email"]
[Site "IECG email"]
[Date "2003.12.20"]
[Round "?"]
[White "Claridge, John Bleddyn"]
[Black "Valentine, Stephen G"]
[Result "1-0"]
[WhiteElo "2381"]
[BlackElo "2460"]
[PlyCount "71"]
[EventDate "2003.12.20"]
[EventType "tourn (corr)"]
[EventRounds "14"]
[SourceTitle "Corr 2008"]
[Source "ChessBase"]
[SourceDate "2008.06.24"]
[SourceVersion "1"]
[SourceVersionDate "2008.06.24"]
[SourceQuality "1"]

1. e4 c5 2. Nf3 d6 3. d4 cxd4 4. Nxd4 Nf6 5. Nc3 a6 6. Be3 Ng4 7. Bg5 h6 8. Bh4 g5 9. Bg3 Bg7 10. Be2 h5 11. Nf5 Bxf5 12. exf5 Nf6 13. h4 gxh4 14. Bxh4 Qa5 15. Qd3 Nd5 16. Kf1 Bxc3 17. bxc3 Nxc3 18. Rh3 Nxe2 19. Re3 Nc6 20. Bxe7 Nxe7 21. f6 0-0-0 22. fxe7 Rde8 23. Rxe2 Qc5 24. Rb1 Qc6 25. Rb3 Kb8 26. Qf5 Rhg8 27. Rf3 h4 28. Qxf7 Ka7 29. c4 Kb6 30. Rb3+ Kc7 31. f4 b5 32. cxb5 axb5 33. Qf5 Qc1+ 34. Kf2 Rxg2+ 35. Kxg2 Rg8+ 36. Qg5 1-0

[Event "IECG WC.2003.F.00001 email"]
[Site "IECG email"]
[Date "2003.12.20"]
[Round "?"]
[White "Valentine, Stephen G"]
[Black "Brueckner, Joachim"]
[Result "1-0"]
[WhiteElo "2460"]
[BlackElo "2370"]
[PlyCount "97"]
[EventDate "2003.12.20"]
[EventType "tourn (corr)"]
[EventRounds "14"]
[SourceTitle "Corr 2008"]
[Source "ChessBase"]
[SourceDate "2008.06.24"]
[SourceVersion "1"]
[SourceVersionDate "2008.06.24"]
[SourceQuality "1"]

1. e4 c5 2. Nf3 Nc6 3. d4 cxd4 4. Nxd4 Nf6 5. Nc3 e5 6. Ndb5 d6 7. Bg5 a6 8. Na3 b5 9. Bxf6 gxf6 10. Nd5 f5 11. g3 Bg7 12. exf5 Bxf5 13. Bg2 Be6 14. c3 0-0 15. Nc2 f5 16. 0-0 a5 17. Qh5 b4 18. Nce3 bxc3 19. bxc3 Kh8 20. Rad1 Rb8 21. Rd2 Rb5 22. Kh1 Rc5 23. Rfd1 e4 24. Nf4 Bf7 25. Qh3 Qg5 26. Rxd6 Ne7 27. c4 Ng6 28. Rxg6 Bxg6 29. Ne6 Qe7 30. Nxf8 Bxf8 31. Bf1 Qg5 32. Be2 Bf7 33. Rd7 Kg8 34. Rb7 h6 35. a4 Be8 36. Bd1 Qd8 37. Bh5 Qa8 38. Rb6 Qd8 39. Ra6 Bd7 40. Nd5 Bg7 41. Rd6 Rxc4 42. Qxf5 Bxf5 43. Rxd8+ Kh7 44. Bf7 Rc1+ 45. Kg2 Bb2 46. Ne3 Rc5 47. g4 Bg6 48. Bxg6+ Kxg6 49. Rd6+ 1-0

[Event "IECG WC.2005.S.00006 email"]
[Site "IECG email"]
[Date "2003.05.19"]
[Round "?"]
[White "Valentine, Stephen G"]
[Black "Cabrera Pino, Alexis Gianko"]
[Result "1-0"]
[WhiteElo "2458"]
[BlackElo "2399"]
[PlyCount "51"]
[EventDate "2003.05.19"]
[EventType "tourn (corr)"]
[EventRounds "10"]
[SourceTitle "Corr 2008"]
[Source "ChessBase"]
[SourceDate "2008.06.24"]
[SourceVersion "1"]
[SourceVersionDate "2008.06.24"]
[SourceQuality "1"]

1. d4 Nf6 2. c4 g6 3. Nc3 Bg7 4. e4 d6 5. Nf3 0-0 6. Be2 e5 7. Be3 Ng4 8. Bg5 f6 9. Bc1 f5 10. exf5 exd4 11. Bg5 Qd7 12. Nd5 gxf5 13. Nxd4 Ne5 14. 0-0 Na6 15. Bh5 Kh8 16. Re1 Nc5 17. f4 Ned3 18. Re7 Bxd4+ 19. Kf1 Qa4 20. b3 Qc6 21. Bg6 hxg6 22. Qf3 Kg8 23. Qh3 Rf7 24. Qh6 Bg7 25. Qxg6 Qxd5 26. Re8+ 1-0

[Event "IECG WC.2005.S.00006 email"]
[Site "IECG email"]
[Date "2003.05.19"]
[Round "?"]
[White "Valentine, Stephen G"]
[Black "Dyakov, Alexander V"]
[Result "1-0"]
[WhiteElo "2458"]
[BlackElo "2210"]
[PlyCount "101"]
[EventDate "2003.05.19"]
[EventType "tourn (corr)"]
[EventRounds "10"]
[SourceTitle "Corr 2008"]
[Source "ChessBase"]
[SourceDate "2008.06.24"]
[SourceVersion "1"]
[SourceVersionDate "2008.06.24"]
[SourceQuality "1"]

1. d4 d5 2. c4 c6 3. Nf3 Nf6 4. Nc3 dxc4 5. a4 Bf5 6. e3 e6 7. Bxc4 Bb4 8. 0-0 Nbd7 9. Qe2 Bg6 10. e4 0-0 11. Bd3 h6 12. Bf4 Re8 13. Rfd1 Rc8 14. h3 a6 15. e5 Bxd3 16. Qxd3 Nd5 17. Bd2 Bf8 18. Ne4 a5 19. Re1 Qb6 20. Nc3 Ne7 21. Ne4 Nd5 22. Nc3 Ne7 23. Qe4 Red8 24. Qg4 Nf5 25. Ne4 Kh8 26. Bc3 Be7 27. Nfd2 Qa6 28. Nf1 Nb6 29. Nfg3 Nxg3 30. fxg3 Nd5 31. Qh5 Kg8 32. Rad1 Rd7 33. Bd2 Qb6 34. Kh1 Qxb2 35. Bxh6 gxh6 36. Qxh6 Qa3 37. Kh2 b6 38. Re2 Qxa4 39. Rf1 Qxd4 40. Nf6+ Nxf6 41. exf6 Bf8 42. Qg5+ Kh7 43. Rf4 Bh6 44. Rh4 Qxh4 45. Qxh4 Rd5 46. Rxe6 fxe6 47. Qe4+ Kh8 48. Qg6 Bf8 49. f7 Bg7 50. Qg4 Be5 51. Qxe6 1-0

[Event "IECG CM.2003.0.00208 email"]
[Site "IECG email"]
[Date "2003.01.16"]
[Round "?"]
[White "Marechal, Andy"]
[Black "Valentine, Stephen G"]
[Result "0-1"]
[WhiteElo "2314"]
[BlackElo "2441"]
[PlyCount "56"]
[EventDate "2003.01.16"]
[EventType "tourn (corr)"]
[EventRounds "6"]
[SourceTitle "Corr 2008"]
[Source "ChessBase"]
[SourceDate "2008.06.24"]
[SourceVersion "1"]
[SourceVersionDate "2008.06.24"]
[SourceQuality "1"]

1. e4 c5 2. Nf3 Nc6 3. d4 cxd4 4. Nxd4 Nf6 5. Nc3 e5 6. Ndb5 d6 7. Bg5 a6 8. Na3 b5 9. Nd5 Be7 10. Bxf6 Bxf6 11. c3 Bg5 12. Nc2 0-0 13. a4 bxa4 14. Rxa4 a5 15. Bc4 Rb8 16. b3 Kh8 17. Nce3 g6 18. 0-0 f5 19. exf5 gxf5 20. Qh5 Bd7 21. Kh1 e4 22. Ra2 f4 23. Nc2 Ne5 24. Qe2 a4 25. bxa4 f3 26. gxf3 Bf4 27. fxe4 Bg4 28. f3 Bxf3+ 0-1

[Event "IECG CM.2002.0.00189 email"]
[Site "IECG email"]
[Date "2002.07.30"]
[Round "?"]
[White "Valentine, Stephen G"]
[Black "Sakai, Kiyotaka"]
[Result "1-0"]
[WhiteElo "2460"]
[BlackElo "2314"]
[PlyCount "129"]
[EventDate "2002.07.30"]
[EventType "tourn (corr)"]
[EventRounds "6"]
[SourceTitle "Corr 2008"]
[Source "ChessBase"]
[SourceDate "2008.06.24"]
[SourceVersion "1"]
[SourceVersionDate "2008.06.24"]
[SourceQuality "1"]

1. e4 c5 2. Nf3 d6 3. d4 cxd4 4. Nxd4 Nf6 5. Nc3 a6 6. Bg5 e6 7. f4 Qb6 8. Nb3 Nbd7 9. Be2 Be7 10. Qd3 Qc7 11. Bf3 h6 12. Bxf6 Nxf6 13. g4 d5 14. e5 Nd7 15. 0-0-0 b5 16. h4 b4 17. Nxd5 exd5 18. Bxd5 Ra7 19. Nd4 Bb7 20. Nf5 Nc5 21. Qc4 Bxd5 22. Qxd5 0-0 23. g5 h5 24. Nd6 b3 25. axb3 Qa5 26. Kb1 Rd7 27. Qc4 Bxd6 28. b4 Qd8 29. Rxd6 Rxd6 30. exd6 Nd7 31. Qxa6 Qb8 32. Qc6 Qa7 33. Rd1 Ra8 34. c3 g6 35. Kc2 Rd8 36. Kb3 Qe3 37. Rd4 Qe2 38. Qc4 Qg4 39. b5 Rb8 40. f5 Qxf5 41. Kb4 Nf8 42. Qd5 Qf2 43. b3 Rd8 44. Re4 Qg3 45. Qe5 Qd3 46. Rd4 Qh3 47. c4 Qd7 48. Qe7 Qc8 49. Qc7 Qa8 50. Rd5 Rc8 51. Qa5 Qb7 52. Qa6 Qd7 53. b6 Rb8 54. Qb5 Qe6 55. Qc6 Qe3 56. b7 Kg7 57. Ka4 Qe6 58. b4 Nd7 59. Kb5 Qe3 60. Ka6 Qh3 61. Ra5 Qe6 62. Ka7 Rf8 63. c5 Qg4 64. Qa4 Rd8 65. b5 1-0

[Event "IECG CM.2002.0.00171 email"]
[Site "IECG email"]
[Date "2002.02.28"]
[Round "?"]
[White "Horta, Hector"]
[Black "Valentine, Stephen G"]
[Result "1/2-1/2"]
[WhiteElo "2431"]
[BlackElo "2491"]
[PlyCount "86"]
[EventDate "2002.02.28"]
[EventType "tourn (corr)"]
[EventRounds "6"]
[SourceTitle "Corr 2008"]
[Source "ChessBase"]
[SourceDate "2008.06.24"]
[SourceVersion "1"]
[SourceVersionDate "2008.06.24"]
[SourceQuality "1"]

1. d4 Nf6 2. c4 e6 3. Nf3 b6 4. g3 Ba6 5. Qa4 Bb7 6. Bg2 c5 7. dxc5 Bxc5 8. 0-0 0-0 9. Nc3 Be7 10. Bf4 Na6 11. Rfd1 Nc5 12. Qc2 Qc8 13. Rac1 Nce4 14. Nd4 Nxc3 15. Qxc3 a6 16. Bxb7 Qxb7 17. Qf3 Ne4 18. Nb3 f5 19. Qd3 Rfd8 20. f3 Ng5 21. Bd6 Bf6 22. Rc2 Rac8 23. Rdc1 Nf7 24. Bb4 Ne5 25. Qe3 a5 26. Bd6 Nf7 27. Ba3 e5 28. Qd3 Bg5 29. Nd2 d5 30. cxd5 Rxc2 31. Rxc2 b5 32. b4 Rxd5 33. Qc3 a4 34. Qc8+ Nd8 35. Nf1 Qxc8 36. Rxc8 Kf7 37. Rc7+ Kg6 38. Bb2 Bf6 39. Kf2 Ne6 40. Rc6 Kf7 41. Rb6 f4 42. Rb7+ Kg6 43. Rb6 Kf7 1/2-1/2

[Event "IECG CM.2002.0.00171 email"]
[Site "IECG email"]
[Date "2002.02.28"]
[Round "?"]
[White "Hotting, Arend"]
[Black "Valentine, Stephen G"]
[Result "1/2-1/2"]
[WhiteElo "2468"]
[BlackElo "2491"]
[PlyCount "129"]
[EventDate "2002.02.28"]
[EventType "tourn (corr)"]
[EventRounds "6"]
[SourceTitle "Corr 2008"]
[Source "ChessBase"]
[SourceDate "2008.06.24"]
[SourceVersion "1"]
[SourceVersionDate "2008.06.24"]
[SourceQuality "1"]

1. e4 c5 2. Nf3 e6 3. d4 cxd4 4. Nxd4 Nf6 5. Nc3 d6 6. g4 h6 7. h4 Nc6 8. Rg1 h5 9. gxh5 Nxh5 10. Bg5 Nf6 11. Qd2 Qb6 12. Nb3 a6 13. 0-0-0 Qc7 14. Be2 b5 15. a3 Bb7 16. Kb1 0-0-0 17. Bxf6 gxf6 18. Qf4 Ne5 19. h5 Nd7 20. Qh4 Kb8 21. f4 Rc8 22. f5 Bh6 23. Qh3 Rhe8 24. Bg4 Nf8 25. Qh2 Rcd8 26. Rd3 d5 27. Qxc7+ Kxc7 28. Nc5 d4 29. fxe6 dxc3 30. Rxd8 Rxd8 31. e7 Re8 32. exf8Q Bxf8 33. Nxb7 Kxb7 34. Bf5 Rd8 35. bxc3 Bh6 36. Kb2 Kc6 37. Rf1 Bg5 38. Bg4 Rd2 39. Rf5 Rg2 40. Bf3 Rf2 41. c4 bxc4 42. Kc3 Rh2 43. a4 Kd6 44. Bd1 Rh4 45. Kd4 Ke7 46. Bf3 Rh2 47. c3 Ra2 48. Ra5 Bd2 49. Rxa6 Rc2 50. Bg4 Bxc3+ 51. Kxc4 Be5+ 52. Kb5 Rg2 53. Bf5 Rh2 54. a5 Rxh5 55. Rb6 Rh1 56. a6 Ra1 57. Rb7+ Kf8 58. a7 Kg7 59. Rd7 Kh6 60. Kb6 Bf4 61. Kb7 Rb1+ 62. Ka8 Be3 63. Rxf7 Kg5 64. Rb7 Ra1 65. Rg7+ 1/2-1/2

[Event "IECG RM.2001.0.00004"]
[Site "IECG email"]
[Date "2001.11.28"]
[Round "?"]
[White "Schoonhoven, Jan Willem"]
[Black "Valentine, Stephen G"]
[Result "1/2-1/2"]
[WhiteElo "2304"]
[BlackElo "2370"]
[PlyCount "96"]
[EventDate "2001.11.28"]
[EventType "tourn (corr)"]
[EventRounds "6"]
[SourceTitle "Corr 2008"]
[Source "ChessBase"]
[SourceDate "2008.06.24"]
[SourceVersion "1"]
[SourceVersionDate "2008.06.24"]
[SourceQuality "1"]

1. e4 e6 2. d4 d5 3. Nc3 Bb4 4. e5 c5 5. a3 Bxc3+ 6. bxc3 Ne7 7. Qg4 Kf8 8. a4 Qa5 9. Bd2 Nbc6 10. Nf3 h6 11. Be2 c4 12. h4 Bd7 13. h5 b5 14. 0-0 bxa4 15. Ra3 Rb8 16. Rfa1 Nd8 17. Nh4 Qc7 18. Qf4 Kg8 19. g4 Rb6 20. g5 hxg5 21. Qxg5 Kf8 22. R3a2 Qb8 23. Bc1 Rb1 24. Kh2 Ndc6 25. Ba3 Rh6 26. Bd6 Rxa1 27. Rxa1 Qd8 28. Rxa4 a5 29. Ra1 Rh7 30. Rg1 Kg8 31. Qf4 Qe8 32. Bc5 Qb8 33. h6 Qf8 34. hxg7 Qd8 35. Kg2 Rxg7+ 36. Kh2 Rxg1 37. Kxg1 Qf8 38. Nf3 Qg7+ 39. Kf1 Ng6 40. Qg3 Qh6 41. Ke1 a4 42. Kd1 Na7 43. Nh2 Nb5 44. Ng4 Qh1+ 45. Kd2 a3 46. Nf6+ Kh8 47. Nh5 a2 48. Qg5 Qc1+ 1/2-1/2

[Event "IECG RM.2001.0.00004"]
[Site "IECG email"]
[Date "2001.11.28"]
[Round "?"]
[White "Van Seben, Edgar"]
[Black "Valentine, Stephen G"]
[Result "0-1"]
[WhiteElo "2138"]
[BlackElo "2370"]
[PlyCount "70"]
[EventDate "2001.11.28"]
[EventType "tourn (corr)"]
[EventRounds "6"]
[SourceTitle "Corr 2008"]
[Source "ChessBase"]
[SourceDate "2008.06.24"]
[SourceVersion "1"]
[SourceVersionDate "2008.06.24"]
[SourceQuality "1"]

1. d4 Nf6 2. c4 e6 3. Nc3 Bb4 4. Qc2 0-0 5. a3 Bxc3+ 6. Qxc3 b6 7. Bg5 Ba6 8. e3 d6 9. Bd3 Nbd7 10. Nf3 c5 11. 0-0 h6 12. Bh4 Rc8 13. d5 exd5 14. cxd5 Bxd3 15. Qxd3 Qe7 16. Qa6 Rc7 17. Rfd1 g5 18. Bg3 Ne4 19. Nd2 Ndf6 20. Qe2 Nxd2 21. Rxd2 Ne4 22. Rdd1 Re8 23. Rac1 Qf6 24. Rc2 Rce7 25. Qh5 Kg7 26. Rd3 Qf5 27. Qe2 h5 28. f3 Nxg3 29. hxg3 Rxe3 30. Rxe3 Rxe3 31. Qxe3 Qxc2 32. Qxg5+ Qg6 33. Qf4 Qf6 34. Kh2 Qxf4 35. gxf4 b5 0-1

[Event "IECG WC.2002.T.00002 email"]
[Site "IECG email"]
[Date "2001.06.15"]
[Round "?"]
[White "Valentine, Stephen G"]
[Black "Johansen, John Martin"]
[Result "1-0"]
[WhiteElo "2356"]
[BlackElo "2323"]
[PlyCount "115"]
[EventDate "2001.06.15"]
[EventType "tourn (corr)"]
[EventRounds "10"]
[SourceTitle "Corr 2008"]
[Source "ChessBase"]
[SourceDate "2008.06.24"]
[SourceVersion "1"]
[SourceVersionDate "2008.06.24"]
[SourceQuality "1"]

1. e4 e5 2. Nf3 Nc6 3. Bb5 a6 4. Ba4 Nf6 5. 0-0 Bc5 6. c3 b5 7. Bc2 d6 8. d4 Bb6 9. h3 Bb7 10. d5 Ne7 11. a4 0-0 12. axb5 axb5 13. Rxa8 Bxa8 14. Qe2 c6 15. dxc6 Bxc6 16. Na3 Qd7 17. Rd1 Ng6 18. Bg5 Ra8 19. Bd3 Bc5 20. Nxb5 Nh5 21. c4 Nhf4 22. Qd2 Nxd3 23. Qxd3 Qb7 24. Be3 Bxe4 25. Nxd6 Bxd6 26. Qxd6 Bxf3 27. gxf3 Qxb2 28. c5 Nf8 29. c6 Qc2 30. c7 Rc8 31. Bb6 Re8 32. Kh2 Ne6 33. Qd8 Qc6 34. Qxe8+ Qxe8 35. Rd8 Nxd8 36. cxd8Q Qxd8 37. Bxd8 f6 38. Kg3 Kf7 39. f4 Ke6 40. fxe5 Kxe5 41. Bc7+ Kf5 42. Kh4 g6 43. f4 h6 44. Bb8 Ke6 45. Kg4 f5+ 46. Kf3 g5 47. h4 g4+ 48. Ke3 h5 49. Kd4 g3 50. Kc4 g2 51. Ba7 Kd6 52. Bg1 Kc6 53. Bc5 g1Q 54. Bxg1 Kd6 55. Bc5+ Ke6 56. Kd4 Kf6 57. Kd5 Kf7 58. Ke5 1-0

[Event "IECG CM.2001.0.00132"]
[Site "IECG email"]
[Date "2001.02.11"]
[Round "?"]
[White "Fiala, Jaroslav"]
[Black "Valentine, Stephen G"]
[Result "1/2-1/2"]
[WhiteElo "2347"]
[BlackElo "2345"]
[PlyCount "61"]
[EventDate "2001.02.11"]
[EventType "tourn (corr)"]
[EventRounds "6"]
[SourceTitle "Corr 2008"]
[Source "ChessBase"]
[SourceDate "2008.06.24"]
[SourceVersion "1"]
[SourceVersionDate "2008.06.24"]
[SourceQuality "1"]

1. e4 c5 2. Nf3 e6 3. d4 cxd4 4. Nxd4 Nf6 5. Nc3 d6 6. Be3 Be7 7. Qf3 Nbd7 8. Be2 a6 9. 0-0-0 Qc7 10. g4 Nc5 11. g5 Nfd7 12. Qh3 b5 13. g6 Ne5 14. gxf7+ Nxf7 15. Bg4 b4 16. Nce2 e5 17. Ne6 Bxe6 18. Bxe6 Nxe6 19. Qxe6 Rc8 20. Kb1 Qc4 21. Qxc4 Rxc4 22. Rhg1 g6 23. f3 Kd7 24. c3 Rb8 25. cxb4 Rcxb4 26. Rd2 Nd8 27. Nc3 Ne6 28. Nd5 R4b7 29. Rg3 Bd8 30. Rc2 Nc7 31. Nxc7 1/2-1/2

[Event "IECG CM.2001.0.00132"]
[Site "IECG email"]
[Date "2001.02.11"]
[Round "?"]
[White "Sacerdotali, Sergio"]
[Black "Valentine, Stephen G"]
[Result "1/2-1/2"]
[WhiteElo "2325"]
[BlackElo "2345"]
[PlyCount "139"]
[EventDate "2001.02.11"]
[EventType "tourn (corr)"]
[EventRounds "6"]
[SourceTitle "Corr 2008"]
[Source "ChessBase"]
[SourceDate "2008.06.24"]
[SourceVersion "1"]
[SourceVersionDate "2008.06.24"]
[SourceQuality "1"]

1. e4 c5 2. Nf3 e6 3. d4 cxd4 4. Nxd4 Nf6 5. Nc3 d6 6. Bb5+ Bd7 7. Qe2 Be7 8. Bg5 0-0 9. Rd1 a6 10. Bd3 Qa5 11. Qd2 h6 12. Bf4 Nc6 13. Nb3 Qc7 14. 0-0 Ne5 15. Rfe1 b5 16. a3 Nxd3 17. Qxd3 e5 18. Bd2 Be6 19. Qg3 Kh8 20. Nc1 a5 21. Nd3 Rab8 22. b4 axb4 23. Nxb4 Qc4 24. Bc1 Rfc8 25. Rd3 Rb7 26. h3 Ra8 27. Qf3 Kg8 28. Bb2 Qc8 29. Rd2 Bc4 30. Ne2 Rc7 31. Ng3 g6 32. Ne2 Qb7 33. Nc3 Be6 34. Rd3 Rac8 35. Bc1 Kg7 36. Qe3 Rh8 37. Rdd1 Rc4 38. Bd2 g5 39. Kh2 Rhc8 40. f3 Bd8 41. Qd3 R4c5 42. Rh1 Bb6 43. Be1 Ba7 44. Rb1 Qd7 45. Ne2 d5 46. Bf2 Rc4 47. Bxa7 Qxa7 48. Nxd5 Nxd5 49. exd5 Bxh3 50. Kxh3 Qf2 51. g3 h5 52. Qf5 g4+ 53. Kh4 gxf3+ 54. Kxh5 Qxe2 55. Qg5+ Kf8 56. d6 f2+ 57. Kh6 Qg4 58. Qe7+ Kg8 59. Qg5+ Qxg5+ 60. Kxg5 Rd4 61. Rh2 Rc5 62. Rxf2 Rxd6 63. Rf6 e4+ 64. Rf5 Rxc2 65. Rfxb5 Rf2 66. Kh4 Rh6+ 67. Kg4 Re6 68. Rb6 Rxb6 69. Rxb6 Kg7 70. a4 1/2-1/2